000 00212 a2200109 4500
020 _a9789583004360
041 _aspa
100 _aRosero Diago, Evelio
245 _aAhi estan pintados
942 _cBK
999 _c348
_d348
999 _d348